000
00364nam a2200133Ia 4500
008
100328s9999 xx 000 0 und d
082
_b
41249
100
_a
पंडित नलिनी
245
_a
गांधी
260
_b
ग्रंथाली वाचक चळवळ
630
_a
गांधी
730
_a
गांधी
942
_c
BOOK
999
_c
529865
_d
529862